[Event "3rd GRENKE Chess Open 2018"]
[Site "Karlsruhe"]
[Date "2018.03.31"]
[Round "4"]
[White "Tomczak, Mikolaj"]
[Black "Landa, Konstantin"]
[Result "1/2-1/2"]
[WhiteElo "2394"]
[BlackElo "2613"]
[Annotator "TA"]
[PlyCount "184"]
[EventDate "2018.??.??"]
[EventType "swiss"]
[EventCountry "GER"]
[SourceTitle "playchess.com"]
[Source "ChessBase"]
[SourceQuality "1"]

{[%evp 25,184,8,15,-14,0,-6,-6,-11,0,0,0,0,0,0,0,0,46,39,41,27,21,31,29,36,27,28,30,29,28,33,62,60,64,74,78,64,75,69,71,80,72,53,53,0,0,0,30,17,8,0,0,0,0,0,26,33,71,37,42,39,35,0,0,0,0,0,8,9,16,0,0,0,93,83,83,-29989,83,83,83,87,87,86,87,49,49,49,49,49,49,11,11,11,11,11,11,11,11,0,0,0,0,0,0,0,0,0,0,0,0,0,0,0,0,0,0,0,0,0,0,0,0,0,0,0,0,0,0,0,0,0,0,0,0,0,0,0,0,0,0,0,0,0,0,0,0,0,0,0,0,0,0,0,0,0,29,29,29,0,0,0,0]} 1. d4 d5 2. c4 e6 3. Nc3 Nf6 4. cxd5 exd5 5. Bg5 c6 6. e3 Be7 7. Bd3 Nbd7 8. Nf3 Ne4 9. Bxe7 Qxe7 10. Bxe4 dxe4 11. Nd2 Nf6 12. Qc2 Bf5 13. O-O O-O {LiveBook: 6 Games} 14. f4 {D35: Queen's Gambit Declined: Exchange Variation} (14. Rab1 Rac8 15. b4 Rfe8 16. Rfc1 Nd5 17. a3 Qg5 18. Nxd5 cxd5 19. Qd1 Bh3 20. Qf1 h6 21. Kh1 Bd7 {½-½ (31) Nikolov,M (2583)-Radulski,J (2571) Albena 2011}) 14... Rad8 $146 ({Predecessor:} 14... Rac8 15. Qa4 b6 16. b4 Rfd8 17. Rac1 Rd6 18. h3 Nh5 19. Qd1 Ng3 20. Rf2 Qh4 21. Nf1 Rg6 {0-1 (36) Bui,N-Nguyen,G Vung Tau 2000}) 15. Rfe1 h5 16. Qa4 a6 17. Qa5 Nd5 18. Rac1 h4 19. Nb3 h3 20. g3 Bc8 21. Nxd5 Rxd5 22. Rc5 Rfd8 23. Rec1 Qe6 24. Rxd5 Rxd5 25. Nc5 Qg4 {[#] ( -> ...Qe2)} 26. Qd2 Qg6 27. Qc2 f5 28. Kf2 Kh7 29. Qe2 Rd6 30. Na4 Be6 31. b3 Bd5 32. Ke1 Qf7 33. Rc3 b5 34. Nb2 ({White should play} 34. Nc5 $14) 34... a5 $1 $11 35. Rc5 a4 36. bxa4 bxa4 37. Nc4 Bxc4 38. Qxc4 {[%mdl 4096] Endgame KQR-KQR} Qh5 39. Qe2 ({Don't blunder} 39. Rxc6 $2 Rxc6 40. Qxc6 Qf3 $17) 39... Qf7 40. Kf2 a3 41. g4 fxg4 42. Kg3 Rh6 $1 43. Qc2 Qe7 {[%csl Gh6][%cal Re7h4] [#]} 44. Rg5 Qb4 $1 45. Qxe4+ Kh8 46. Qc2 $36 {[%mdl 2048] White fights for an advantage.} Qb2 47. Qf2 Re6 48. Re5 Rd6 (48... Rxe5 $1 $11 49. fxe5 Qb1) 49. Qxb2 axb2 $16 {KR-KR} 50. Re8+ Kh7 51. Rb8 Re6 52. Rxb2 Rxe3+ 53. Kxg4 Rd3 54. a4 Ra3 $1 55. Rb4 Kg6 56. Rc4 Kf7 57. Rxc6 Rxa4 58. Rd6 (58. d5 {seems wilder.} Rd4 59. d6 Kf6 60. Rb6 Rd5 61. d7+) 58... Ra3 59. Rd7+ Kf6 60. d5 Rd3 61. d6 Rd4 62. Rd8 g5 63. Kxh3 (63. Rf8+ {is interesting.} Kg7 64. Rb8 gxf4 65. Rb6 Kf6 66. d7+) 63... gxf4 64. Kg4 Ke6 65. Re8+ Kd7 66. Rf8 (66. Re2 {feels hotter.} Kxd6 67. Kf3 Rc4 68. h4 Rc8 69. Kxf4 Kd7 70. h5) 66... Rxd6 67. Rxf4 Ke7 68. Kg5 {Black should prevent h4.} Rd8 69. Kg6 Rg8+ 70. Kh7 Rg2 71. h4 Rg1 72. Rf5 Rh1 73. Rf4 {Black must now prevent Kh6.} Rg1 74. Kh6 Ke6 75. Rf3 Rg2 76. h5 Ke7 77. Rf4 Rg1 78. Kh7 Rg5 79. h6 (79. Re4+ {with more complications.} Kf8 80. Kh6 Rc5 81. Kg6 Rc6+ 82. Kh7) 79... Rg2 80. Rf5 {aiming for Kh8.} Rg3 81. Ra5 {And now Rf5 would win.} Kf7 82. Ra7+ Kf8 83. Rg7 Rf3 84. Rg5 {Threatens to win with Rg7.} Rf6 85. Rg8+ Kf7 86. Ra8 Rf1 87. Ra7+ Kf8 88. Ra6 {Ra3 is the strong threat.} Kf7 89. Rg6 {Hoping for Rg4.} Rf2 90. Rg7+ Kf8 91. Kg6 {Strongly threatening Ra7.} Rg2+ 92. Kf6 Rxg7 {Precision: White = 59%, Black = 86%.} 1/2-1/2

[Event "3rd GRENKE Chess Open 2018"]
[Site "Karlsruhe"]
[Date "2018.03.31"]
[Round "4"]
[White "Engel, Luis"]
[Black "Valsecchi, Alessio"]
[Result "1/2-1/2"]
[WhiteElo "2389"]
[BlackElo "2510"]
[Annotator "TA"]
[PlyCount "100"]
[EventDate "2018.??.??"]
[EventType "swiss"]
[EventCountry "GER"]
[SourceTitle "playchess.com"]
[Source "ChessBase"]
[SourceQuality "1"]

{[%evp 25,100,-3,0,-4,10,0,0,0,0,0,0,0,0,-18,-18,-30,50,27,23,16,27,18,153,54,70,51,93,104,100,90,94,76,68,61,63,67,67,69,96,98,73,19,14,0,0,8,43,30,26,6,14,0,0,0,93,83,70,62,77,0,0,0,0,0,0,0,0,0,0,0,0,0,0,0,0,0,100]} 1. e4 e6 2. d4 d5 3. Nd2 c5 4. exd5 exd5 5. Ngf3 Nf6 6. Bb5+ Bd7 7. Qe2+ Be7 8. dxc5 O-O 9. O-O Re8 10. Nb3 a6 11. Bxd7 Nbxd7 12. Bg5 Bxc5 13. Qd3 Ba7 {LiveBook: 3 Games. C08: French Tarrasch: 3...c5 4 exd5 exd5 sidelines} (13... Bf8 14. Rad1 Qc7 15. c3 h6 16. Bh4 Re4 17. Nbd4 Qb6 18. Qc2 Rc8 19. Nf5 Qa5 20. Bxf6 Nxf6 21. Qb3 {1-0 (63) Brandenburg,D (2534)-Peng,Z (2392) Netherlands 2014}) 14. Rad1 Rc8 $146 ({Predecessor:} 14... Qc7 15. c3 Re4 16. Bh4 Rae8 17. Bg3 Qb6 18. Rd2 h6 19. Nbd4 g6 20. Ne2 Qa5 21. b4 {0-1 (32) Oussama,O (2300)-Russek Libni,G (2395) Spain 1999}) 15. c3 h6 16. Bh4 Re4 17. Bg3 Qb6 18. Nfd4 Ne5 19. Qc2 Nc4 20. Nd2 Nxb2 (20... Nxd2 $11 21. Qxd2 Rce8) 21. Nxe4 (21. Nf5 $5 {[%cal Rd2e4]} Re2 22. Rde1 $11 (22. Rb1 Qe6 $11)) 21... Nxe4 22. Rb1 Qxd4 23. Qxb2 Rxc3 (23... Qc5 $1 $11 {keeps the balance.}) 24. Rbd1 (24. Qxb7 $16 {Black must now prevent Rbd1.} Rxg3 25. hxg3 Nxg3 26. Qc8+ (26. Qxa6 g6 $16) 26... Kh7 27. Qc2+ (27. Qxa6 $2 Qh4 $19) 27... f5 28. Rb3 Nxf1 29. Qxf5+ (29. Kxf1 Qa1+ 30. Rb1 Qe5 $16) 29... Kg8 30. Rd3) 24... Rd3 25. Qc2 Rxd1 26. Rxd1 Qc3 27. Qxc3 $1 Nxc3 $16 {[%mdl 4096] Endgame KRB-KBN} 28. Rd2 f6 29. Kf1 {[%mdl 1024] White has compensation.} Kf7 30. Rc2 d4 31. Bd6 a5 {[#]} 32. Bc7 $1 b6 {[#]} 33. Rb2 (33. Rd2 $1 $16) 33... Nd5 $1 $11 {[%cal Rd5c7]} 34. Bg3 Ke6 35. Ke2 Nc3+ 36. Kd3 Kd5 $1 37. f3 Na4 38. Re2 {Re7 is the strong threat.} Nc5+ 39. Kd2 b5 (39... Ne6 $11) 40. Re7 $1 $16 {[%csl LRa7,LRg7]} Bb6 41. Rxg7 {aiming for Rg6.} a4 42. Bc7 (42. Rf7 $16) 42... Bxc7 $11 {The position is equal.} 43. Rxc7 {KR-KN} b4 44. h4 a3 45. Ra7 d3 {Strongly threatening ...Kc4.} 46. Ra8 Kc4 {And now ...b3 would win.} 47. Rc8 Kd4 48. Rd8+ Kc4 49. Rc8 Kd4 50. Rd8+ Ke5 {Precision: White = 51%, Black = 62%.} (50... Kc4 $11 {remains equal.} 51. Rc8) 1/2-1/2

[Event "3rd GRENKE Chess Open 2018"]
[Site "Karlsruhe"]
[Date "2018.03.31"]
[Round "4"]
[White "Lokander, Martin"]
[Black "Kunin, Vitaly"]
[Result "1-0"]
[WhiteElo "2379"]
[BlackElo "2575"]
[Annotator "TA"]
[PlyCount "93"]
[EventDate "2018.??.??"]
[EventType "swiss"]
[EventCountry "GER"]
[SourceTitle "playchess.com"]
[Source "ChessBase"]
[SourceQuality "1"]

{[%evp 10,93,43,29,63,41,46,39,70,37,37,39,40,38,33,26,48,45,50,40,53,30,63,40,37,27,70,74,168,123,141,141,139,145,145,145,135,144,256,170,185,170,179,180,256,174,164,170,212,211,207,168,269,268,275,275,275,275,275,275,278,275,259,216,339,331,12829,12829,1689,1418,12835,12835,12836,12836,12837,12837,12837,12837,12841,12842,12842,12842,12843,12843,12850,12850]} 1. d4 d5 {[%cal Bd7d5,Bd5c4][%mdl 32]} 2. c4 dxc4 3. Nf3 Nf6 4. e3 Be6 5. Nc3 h6 (5... c6 6. Ng5 Bd5 7. e4 h6 8. exd5 hxg5 9. dxc6 Nxc6 10. d5 Ne5 {½-½ (10) Winants,L (2560)-Khenkin,I (2596) Belgium 2015}) 6. Ne5 {LiveBook: 20 Games. D25: Queen's Gambit Accepted: 4 e3: sidelines and 4...Bg4} c6 7. Bxc4 (7. Nxc4 {is more complex.} Nbd7 8. Be2 Bxc4 9. Bxc4 e6 10. O-O) 7... Bxc4 8. Nxc4 {White is slightly better.} e6 9. O-O Nbd7 10. b3 $146 ({Predecessor:} 10. a4 Be7 11. e4 O-O 12. Bf4 a5 13. Qb3 Bb4 14. Bd6 Bxd6 15. Nxd6 Qb6 16. Qxb6 Nxb6 17. Nxb7 Nbd7 18. e5 Rfb8 19. Nd6 Ne8 20. Nxe8 {½-½ (20) Offenborn,H (2371)-Steiger,W (2312) ICCF email 2011}) 10... Be7 11. Bb2 O-O 12. Qf3 Nd5 13. e4 Nxc3 14. Bxc3 Qc7 15. Rac1 Rae8 16. d5 exd5 17. exd5 cxd5 18. Ne3 $40 {[%mdl 128] Threatens to win with Bxg7! White wants a kill.} Ne5 (18... Ba3 $16) 19. Qxd5 Ba3 {[#]} 20. Bb2 $1 {[%mdl 512]} Qd6 (20... Bxb2 21. Rxc7) 21. Qxd6 $1 Bxd6 22. Rfd1 Rd8 23. Rxd6 $1 Nf3+ (23... Rxd6 $16 {was necessary.} 24. Bxe5 Rd2) 24. gxf3 Rxd6 25. Rc7 Rd2 26. Nc4 Rd1+ 27. Kg2 b5 28. Ne5 Rd2 {[#]} 29. Ba3 $1 {[%cal Ra3f8]} Re8 30. Nxf7 Re6 (30... Rxa2 {was called for.} 31. Nd6 (31. Rxa7 $2 b4 $19) 31... Re6) 31. f4 $18 ({And not} 31. Rxa7 Rxa2 32. b4 Rg6+ 33. Kh3 Rc6 $17) 31... Rf6 {[#]} 32. Bc1 $1 ({Inferior is} 32. Rxa7 Rxa2 33. Nxh6+ gxh6 $17) 32... Rxa2 33. Ne5 a5 34. h4 a4 35. bxa4 Rxa4 36. h5 Kh7 (36... Ra8 $142 37. Rb7 Rff8 38. Rxb5 Rf5) 37. Ng4 Rf5 $2 (37... Rfxf4 38. Bxf4 Rxf4) 38. Bb2 {White is clearly winning.} Kg8 39. Bxg7 Rfxf4 40. Nf6+ Rxf6 41. Bxf6 {[%mdl 4096] Endgame KRB-KR} Rf4 42. Rg7+ Kf8 43. Rg6 b4 44. Bg7+ Kf7 45. Bxh6 Rh4 46. Rb6 Rxh5 47. Bf4 {Precision: White = 87%, Black = 39%.} 1-0

[Event "3rd GRENKE Chess Open 2018"]
[Site "Karlsruhe"]
[Date "2018.03.31"]
[Round "4"]
[White "Lagunow, Raphael"]
[Black "Sumets, Andrey"]
[Result "1/2-1/2"]
[WhiteElo "2368"]
[BlackElo "2590"]
[Annotator "TA"]
[PlyCount "88"]
[EventDate "2018.??.??"]
[EventType "swiss"]
[EventCountry "GER"]
[SourceTitle "playchess.com"]
[Source "ChessBase"]
[SourceQuality "1"]

{[%evp 12,88,6,0,32,0,25,-14,-9,-25,-23,-14,-16,-20,0,0,0,0,0,-14,9,7,0,0,6,-18,-23,-17,-13,-10,-10,-10,-7,-16,-14,-56,-56,-56,-56,-56,-56,-59,-56,-77,-79,-80,-71,-59,-57,-99,0,-85,-12,-16,0,0,0,0,0,0,0,0,0,0,0,0,0,0,0,0,0,0,0,0,0,0,8,0,0]} 1. e4 c6 2. d4 d5 3. e5 Bf5 4. Nd2 e6 5. Nb3 Nd7 6. Nf3 a6 {B12: Caro-Kann: Advance Variation} 7. Be3 {LiveBook: 25 Games} (7. Be2 c5 8. c3 h6 9. dxc5 Bxc5 10. Nxc5 Nxc5 11. Be3 Rc8 12. O-O Ne7 13. Nd4 O-O 14. a4 {0-1 (41) Wei,Y (2743)-Navara,D (2740) Yancheng 2017}) 7... Bg6 8. a4 $146 ({Predecessor:} 8. Be2 Nh6 9. O-O Nf5 10. c3 Nxe3 11. fxe3 c5 12. Qe1 Be7 13. Qg3 O-O 14. h4 {1-0 (63) Birkenheuer,S (1486)-Bergauz,N (1361) Gross Doelln 2010}) 8... Nh6 9. h3 Nf5 10. Bg5 (10. Bd3 {seems wilder.} Be7 11. O-O O-O 12. c3 Rc8 13. Re1) 10... Be7 11. Bxe7 Qxe7 12. Bd3 O-O 13. O-O Rac8 14. c3 Rc7 15. a5 Nh4 16. Nxh4 Qxh4 17. Bxg6 hxg6 18. Qg4 Qxg4 19. hxg4 c5 20. Nxc5 Nxc5 21. dxc5 Rxc5 $11 {[%mdl 4096] Endgame KRR-KRR} 22. Rfd1 Rfc8 23. Rd4 Rb5 $1 24. Ra2 Rcc5 25. Rda4 $1 g5 26. g3 f6 27. f4 Kf7 28. Kf2 gxf4 29. gxf4 Rc8 30. Kg3 Rh8 (30... fxe5 $17 {...d4! is the strong threat.} 31. fxe5 Kg6) 31. Rd4 (31. exf6 $11 {remains equal.} Kxf6 32. Rd4) 31... Rb3 (31... fxe5 $17 32. fxe5 Kg6) 32. exf6 {The position is equal.} gxf6 33. f5 Rh1 34. fxe6+ Kxe6 35. Rd2 Rg1+ 36. Kf3 Rf1+ 37. Kg3 Rg1+ 38. Kf3 Rb1 39. Re2+ Kd6 40. Kf4 Rf1+ 41. Ke3 Rd1 42. Rd2 Rxd2 43. Kxd2 Rb5 44. Kc2 d4 {Precision: White = 51%, Black = 59%.} 1/2-1/2

[Event "3rd GRENKE Chess Open 2018"]
[Site "Karlsruhe"]
[Date "2018.03.31"]
[Round "4"]
[White "Wenninger, Philipp"]
[Black "Heberla, Bartlomiej"]
[Result "0-1"]
[WhiteElo "2364"]
[BlackElo "2570"]
[Annotator "TA"]
[PlyCount "36"]
[EventDate "2018.??.??"]
[EventType "swiss"]
[EventCountry "GER"]
[SourceTitle "playchess.com"]
[Source "ChessBase"]
[SourceQuality "1"]

{[%evp 19,36,-8,2,2,0,-25,-42,-22,-35,-39,-30,-22,-37,-37,-41,-33,-48,-668,-678]} 1. d4 Nf6 2. Nf3 e6 3. g3 d5 4. c4 dxc4 5. Bg2 a6 6. Ne5 c5 7. O-O {E04: Open Catalan: 5 Nf3} (7. Be3 Nd5 8. Nc3 Nxe3 9. fxe3 Nd7 10. Nxc4 Be7 11. dxc5 Bxc5 12. Nd6+ Bxd6 13. Qxd6 Qe7 14. Qd4 Nf6 15. O-O O-O {½-½ (64) Onischuk,A (2681)-Bruzon Batista,L (2673) Saint Louis 2018}) 7... cxd4 8. Nd2 Ra7 9. a4 $146 ({Predecessor:} 9. Ndxc4 b5 10. Nd2 Bb7 11. Ndf3 Nc6 12. Bf4 Be7 13. Rc1 Nxe5 14. Bxe5 O-O 15. Qxd4 {0-1 (38) Tishin,D (2372)-Taleb,M (2456) Alushta 2004}) 9... b6 10. Ndxc4 Bb7 {LiveBook: 3 Games} 11. Bxb7 Rxb7 12. b3 Bc5 13. Bb2 O-O 14. Qd3 Nfd7 15. Nf3 Nc6 16. Nxd4 Bxd4 17. Bxd4 Nc5 18. Qf3 $2 {[%mdl 8192] [#]} (18. Bxc5 $15 Qxd3 19. exd3 bxc5 20. Nd6) 18... Nxd4 0-1

[Event "3rd GRENKE Chess Open 2018"]
[Site "Karlsruhe"]
[Date "2018.03.31"]
[Round "4"]
[White "Fries-Nielsen, Jens Ove"]
[Black "Demuth, Adrien"]
[Result "1-0"]
[WhiteElo "2359"]
[BlackElo "2551"]
[Annotator "TA"]
[PlyCount "49"]
[EventDate "2018.??.??"]
[EventType "swiss"]
[EventCountry "GER"]
[SourceTitle "playchess.com"]
[Source "ChessBase"]
[SourceQuality "1"]

{[%evp 10,49,24,21,115,94,114,112,112,102,115,31,34,23,31,31,31,31,31,36,39,31,29,35,36,43,38,0,20,8,61,54,272,272,577,581,560,560,536,508,785,777]} 1. e4 e5 2. Ne2 (2. Nf3 Nc6 3. Bc4 Bc5 4. Nc3 Nf6 5. d3 a6 6. Nd5 Nxd5 7. Bxd5 d6 8. Be3 Bxe3 9. fxe3 O-O 10. O-O Nb8 11. b4 Nd7 12. Qd2 c6 13. Bb3 a5 {1-0 (37) Kramnik,V (2800)-Aronian,L (2794) Berlin 2018}) 2... d6 3. f4 Nc6 4. d4 Nf6 5. Nbc3 exd4 6. Nxd4 {LiveBook: 3 Games. C42: Petroff Defence: 3 Nxe5 and unusual White 3rd moves} Nxe4 (6... g6 $11 {keeps the balance.}) 7. Nxe4 $16 {Threatens to win with Bb5.} Qe7 8. Bb5 {White is better.} ({Don't play} 8. Qd3 d5 $15) 8... Qxe4+ {[#]} 9. Kf2 $1 Bg4 10. Qxg4 $146 (10. Re1 $16 Bxd1 11. Rxe4+ Kd7 12. Ba4) ({Predecessor:} 10. Re1 Bxd1 11. Rxe4+ Kd7 12. Bd2 Bh5 13. c4 {½-½ (43) Podlesnik,B (2425)-Kos,T (2400) Bled 2000}) 10... Qxd4+ $14 11. Be3 Qxb2 12. Rab1 Qxc2+ 13. Be2 $1 f5 14. Qf3 O-O-O {White must now prevent ...d5.} 15. Rhc1 $36 {[%mdl 2048] White is pushing.} Qe4 $1 16. Qxe4 fxe4 17. Bg4+ Rd7 $1 18. a4 a5 19. Rb5 Be7 (19... g6 $11) 20. Rcb1 b6 $2 {[#]} (20... Rf8 $14) 21. Bxb6 $1 $18 {aiming for Ba7!} Rf8 $2 {[#]} (21... Kd8 {is tougher.} 22. Bxc7+ Ke8) 22. Ba7 $1 {[%mdl 512] White wants to mate with Rb8+!White is clearly winning.} Bh4+ (22... Nxa7 23. Rb8#) 23. g3 {Intending Rb8+! and mate.} Kd8 {[#]} 24. Rb8+ $1 {[%mdl 512]} Ke7 (24... Nxb8 $142 25. Rxb8+ Ke7 26. Rxf8 Kxf8) 25. Rxf8 {Precision: White = 69%, Black = 39%.} 1-0

[Event "3rd GRENKE Chess Open 2018"]
[Site "Karlsruhe"]
[Date "2018.03.31"]
[Round "4"]
[White "Schitco, Ivan"]
[Black "Antal, Gergely"]
[Result "0-1"]
[WhiteElo "2353"]
[BlackElo "2540"]
[Annotator "TA"]
[PlyCount "176"]
[EventDate "2018.??.??"]
[EventType "swiss"]
[EventCountry "GER"]
[SourceTitle "playchess.com"]
[Source "ChessBase"]
[SourceQuality "1"]

{[%evp 22,176,26,25,27,10,20,11,50,-12,0,0,0,-16,-27,-25,-18,-48,0,0,0,-29,0,0,18,-77,8,1,27,0,0,0,0,1,16,-33,-34,-34,-34,-40,-40,-40,-34,-54,0,0,0,0,28,28,28,0,0,0,0,-61,0,0,0,0,0,0,0,0,0,-32,-32,-32,-32,-32,0,0,0,0,0,0,0,0,0,0,0,-32,-32,-32,-32,-32,-32,-32,-32,-32,-32,-32,-32,-32,-17,-17,-17,-17,-17,-17,-17,-17,-17,-17,-7,-7,-8,-8,-8,-8,-8,-8,-8,-10,-10,-36,0,-8,0,-51,-51,-51,-51,-51,-51,-51,-51,-51,-51,-68,-51,-51,-8,-21,-8,-25,-25,-39,-39,-39,-41,-41,-41,-51,-41,-48,-39,-29976,-29977,-29977,-29978,-29979,-29980,-29980,-29981,-29986,-29987]} 1. d4 d5 2. c4 dxc4 3. Nf3 a6 4. e3 Bg4 5. Bxc4 e6 6. O-O Nf6 7. h3 Bh5 8. Nc3 Nc6 9. Be2 Bd6 10. a3 O-O 11. b4 {[%cal Bb2b4,Bb4b5][%mdl 32]} Qe8 {D22: Queen's Gambit Accepted: 3 Nf3 a6 4 e3} (11... Nd5 12. Ne4 f5 13. Nxd6 cxd6 14. Bb2 Nce7 15. Rc1 Nf6 16. Qb3 Ned5 17. b5 f4 18. a4 axb5 19. axb5 {0-1 (30) Bhakti,K (2311)-Alekseenko,K (2590) Stockholm 2017}) 12. Bb2 {LiveBook: 5 Games} e5 13. b5 $146 ({Predecessor:} 13. Nxe5 Bxe2 14. Nxe2 Nxe5 15. dxe5 Bxe5 16. Bxe5 Qxe5 17. Qd4 Qe7 18. Qc4 Rac8 19. Rac1 Rfd8 20. Nd4 Rd5 21. Nb3 c6 22. Rfd1 Rcd8 23. Rd4 Rxd4 {½-½ (25) Eichler,C (2325)-Schneider,S (2346) Germany 2017}) 13... exd4 {[#] Strongly threatening ...Bxf3.The position is equal.} 14. bxc6 dxc3 (14... Bxf3 {feels hotter.} 15. gxf3 Qe6 16. Ne4 Nxe4 17. Qxd4 Nf6) 15. Bxc3 (15. cxb7 $14 cxb2 16. bxa8=R Qxa8 17. Rb1) 15... Qxc6 $11 16. Bxf6 $1 gxf6 17. Nd4 Bxe2 18. Qxe2 Qe4 19. Rac1 Rfe8 {...Qxd4! is the strong threat.} (19... c5 {with more complications.} 20. Nb3 b6 21. Nd2 Qc6 22. Rfd1 Kh8) 20. Nf3 b5 21. Rfd1 {[%cal Bf1d1,Bd1d4,Bd4d3][%mdl 32]} Rad8 22. Rd4 Qe6 23. Kh1 (23. a4 $11) 23... Kh8 (23... c5 $17 24. Rg4+ Kh8) 24. Rc6 Qb3 25. Rd3 Qb1+ 26. Rd1 Qe4 $36 {[%mdl 2048] White is under pressure.} 27. Rxa6 Qb7 28. Raxd6 (28. Ra5 {is more complex.} c6 29. Rb1 Qc7 30. Qd2 Re4 31. Qc3) 28... Rxd6 29. Rxd6 cxd6 {[%mdl 4096] Endgame KQR-KQN} 30. Qb2 Kg7 31. Qd4 Qd7 32. Qf4 Rc8 (32... Qe6 $15) 33. Nd4 Rc5 34. e4 Re5 35. Nf5+ Rxf5 $1 36. exf5 {KQ-KQ} d5 37. Qg3+ Kf8 38. Qh4 (38. Qd3 $11) 38... Qxf5 (38... d4 $1 $15) 39. Qb4+ Kg7 40. Qxb5 Qe4 41. Qb4 d4 42. a4 $1 Qf4 43. a5 Qxf2 44. a6 {White wants to play Qb1.} Qf1+ 45. Kh2 Qf4+ 46. Kh1 Qc1+ 47. Kh2 Qc7+ 48. Kg1 Qc1+ 49. Kh2 Qf4+ 50. Kh1 Qe3 51. Qd6 d3 52. a7 Qxa7 53. Qg3+ Kf8 54. Qxd3 Qa1+ 55. Kh2 Qe5+ 56. Kh1 Kg7 57. Qf3 f5 58. Qh5 h6 59. Qf3 Kg6 60. Qc6+ Qe6 61. Qf3 Qd6 62. Qe3 h5 (62... Qc7 {keeps more tension.} 63. Kg1 Kg7 64. Kh1 Qd6 65. Qc3+ Kh7) 63. Qf2 Qe5 64. Qb6+ Kg7 65. Qf2 Kh7 66. Qa7 Kg8 67. Qf2 Kg7 68. Kg1 f4 69. Kh1 Qe3 70. Qh4 ({White should play} 70. Qb2+ $1 $11 f6 71. Qb1) 70... Kg6 $1 $15 71. Qd8 $1 f3 72. Qg8+ Kf6 73. Qh8+ Ke7 {( -> ...f2)} 74. gxf3 Qxf3+ 75. Kh2 Qf4+ 76. Kg2 h4 {aiming for ...Qg3+.} 77. Qc3 Qe4+ 78. Kf2 Ke6 79. Qc8+ Kf6 {White must now prevent ...Qf5+.} 80. Qd8+ Kf5 81. Qd7+ Kg6 {And now ...Qf5+ would win.} 82. Qd6+ f6 {[%cal Bf7f6,Bf6f5,Bf5f4][%mdl 32]} 83. Qa3 Kg5 (83... Qc4 {is interesting.} 84. Qe3 Kf5 85. Kg1 Qe4 86. Qc5+ Kg6) 84. Qc5+ $2 {[%mdl 8192] [#]} (84. Qc3 $15) 84... Qf5+ {Black mates.} 85. Qxf5+ Kxf5 86. Kf3 Ke5 87. Kg4 f5+ 88. Kxh4 f4 {Precision: White = 63%, Black = 56%.} 0-1

[Event "3rd GRENKE Chess Open 2018"]
[Site "Karlsruhe"]
[Date "2018.03.31"]
[Round "4"]
[White "Rafiee, Makan"]
[Black "Lampert, Jonas"]
[Result "0-1"]
[WhiteElo "2339"]
[BlackElo "2532"]
[Annotator "TA"]
[PlyCount "46"]
[EventDate "2018.??.??"]
[EventType "swiss"]
[EventCountry "GER"]
[SourceTitle "playchess.com"]
[Source "ChessBase"]
[SourceQuality "1"]

{[%evp 17,46,-3,54,-177,-181,-177,-179,-354,-335,-336,-380,-375,-371,-368,-305,-360,-364,-381,-360,-369,-373,-427,-336,-430,-426,-424,-413,-402,-406,-533,-412]} 1. e4 e5 2. Nf3 Nc6 3. Bb5 a6 4. Ba4 d6 5. c3 f5 6. exf5 Bxf5 {[%cal Bc8f5,Bf5e4,Be4g2,Bg2d5,Bd5e6][%mdl 32]} 7. d4 e4 8. d5 {C74: Ruy Lopez: Deferred Steinitz: 5 c3 f5} exf3 9. Qxf3 Qe7+ {LiveBook: 3 Games} (9... Bxb1 $1 $11 10. dxc6 b5) 10. Be3 $146 (10. Kd1 $1 $14 Be4 11. Qh3 Bxd5 12. Re1) ({Predecessor:} 10. Kd1 Be4 11. Qh3 Bxd5 12. Re1 Be4 13. Nd2 d5 14. f3 Nf6 15. fxe4 dxe4 16. Nxe4 Nxe4 17. Bxc6+ bxc6 {1-0 (46) Grischuk,A (2715)-Najer,E (2635) Khanty-Mansiysk 2007}) 10... Be4 $19 11. Qd1 ({Don't go for} 11. dxc6 $2 Bxf3 12. cxb7+ Kd8 $19) 11... b5 {[#] And now ...Ne5 would win.} ({Not} 11... Bxg2 12. Rg1 $11) 12. dxc6 $2 (12. Bc2 {was worth a try.}) 12... bxa4 13. Qxa4 Bxg2 14. Rg1 Qe4 15. Qa5 Nf6 16. Nd2 Qxc6 17. O-O-O Bd5 18. c4 Be6 19. Kb1 Kf7 20. Nb3 Be7 21. Nd4 Qe4+ 22. Ka1 c5 23. Qc7 {[#] Strongly threatening Rxg7+!} Rhe8 {Precision: White = 36%, Black = 73%.} 0-1

[Event "3rd GRENKE Chess Open 2018"]
[Site "Karlsruhe"]
[Date "2018.03.31"]
[Round "4"]
[White "Van Kerkhof, David"]
[Black "Schneider, Ilja"]
[Result "1-0"]
[WhiteElo "2334"]
[BlackElo "2513"]
[Annotator "TA"]
[PlyCount "49"]
[EventDate "2018.??.??"]
[EventType "swiss"]
[EventCountry "GER"]
[SourceTitle "playchess.com"]
[Source "ChessBase"]
[SourceQuality "1"]

{[%evp 9,49,43,46,48,33,12,18,16,14,15,22,-43,0,0,22,-6,0,0,0,-11,0,-12,0,-12,0,8,9,0,8,0,14,12,27,21,95,109,190,31,123,131,685,687]} 1. e4 d5 2. d4 Nc6 3. Nc3 e5 4. dxe5 d4 5. Nd5 Nge7 $1 {LiveBook: 7 Games} 6. Bc4 {B00: Queen's Fianchetto Defence, Nimzowitsch Defence} Be6 {[%cal Re7d5]} 7. Nxe7 Qxe7 8. Bxe6 {The position is equal.} Qxe6 9. f4 f6 $146 ({Predecessor:} 9... O-O-O 10. Nf3 Bb4+ 11. Bd2 Qc4 12. a3 Bc5 {1-0 (31) Dourerassou,J (2502)-Taddei,B (2367) Saint-Quentin 2014}) 10. exf6 (10. Nf3 $11) 10... Qxe4+ (10... O-O-O $15) 11. Qe2 $11 Qxe2+ 12. Nxe2 (12. Kxe2 {keeps more tension.} O-O-O 13. Nf3 gxf6 14. a3 Bd6 15. Bd2) 12... gxf6 13. Bd2 Kf7 14. O-O-O Re8 15. Rhe1 Rg8 16. Ng3 Bd6 17. Rxe8 Kxe8 18. Re1+ Kf7 19. Re2 Rg4 20. Rf2 Bc5 21. Nf5 {[#] Threatens to win with Nh6+.} Kg6 (21... Rg6 $11 {keeps the balance.}) 22. h3 $36 {[%mdl 2048] White is on the roll.} d3 (22... Kxf5 $16 23. hxg4+ Kxg4) 23. Be3 $2 ({Not} 23. hxg4 Bxf2 24. Ne3 (24. cxd3 h5 $11) 24... dxc2 $11) ({Better is} 23. Rf3 $18 Kxf5 24. hxg4+ Kxg4 25. Rxd3) 23... Bxe3+ ({Black should try} 23... Rg3 $1 $14 24. Nh4+ Kh5 25. Bxc5 Kxh4) 24. Nxe3 Rg3 $2 {[%mdl 8192] [#]} (24... Rh4 $16) 25. Nf1 {Precision: White = 37%, Black = 22%.} 1-0